| 000 | 00438nam a2200181Ia 4500 | ||
|---|---|---|---|
| 008 | 230524s9999 xx 000 0 und d | ||
| 020 | _a9788127244774 | ||
| 082 |
_a657.43 _bVAL |
||
| 100 | _aS.P.Jain | ||
| 245 | 0 | _aCost Accounting Principles and Practice | |
| 250 | _a3RD | ||
| 260 |
_aNEW DELHI _bTMH _c2004 |
||
| 300 | _aIX;559 | ||
| 500 | _aQuantity Number: 35 | ||
| 650 | _aManagement | ||
| 700 | _a K.L.Narang | ||
| 942 | _cBK | ||
| 999 |
_c35030 _d35030 |
||